1397 1170 1561 1293 1944 1194 1229 1892 1878 1105 1448 1221 1933 1687 1959 1043 1012 1881 1975 1095 1821 1090 1190 1177 1677 1652 1687 1060 1049 1492 1677 1363 1749 1263 1416 1641 1648 1288 1712 1906 1748 1514 1431 1054 1321 1488 1081 1688 1094 1554 1310 1749 1925 1796 1502 1025 1259 1685 1114 1170 1286 1434 1510 1198 1073 1115 1947 1342 1901 1508 1840 1653 1074 1789 1078 1625 1619 1733 1181 1733 1684 1639 1712 1502 1119 1016 1545 1058 1007 1808 1807 1450 1490 1553 1113 1926 1133 1428 1546 BCNSPRNW ULIB Ver.6.0+V

เปลี่ยนเป็นภาษาไทย

Change to English
 แสดงรายละเอียดบรรณานุกรม
  กลับหน้าหลัก

Brief Record : Get Marc (ISO 2709) : E-mail record : QR code < ปิดหน้าต่าง
LEADER : 00000nam 2200000uu 4500
001    13399112138
003     ULIB
008    110727s2549||||th 000 0 tha d
020    9749554108
050  4 HA62^bน198ว 2549
245 00 วิธีการวิจัยเบื้องต้น /^cคณะศิลปศาสตร์และวิทยาศาสตร์ มหาวิทยาลัยธุรกิจบัณฑิตย์
250    พิมพ์ครั้งที่ 4
260    กรุงเทพฯ :^bโรงพิมพ์มหาวิทยาลัยธุรกิจ,^c2549
300    236 หน้า :^bภาพประกอบ ;^c27 ซม.
650  4 วิจัย
710 2  คณะศิลปศาสตร์และวิทยาศาตร์. ^bมหาวิทยาลัยธุกิจบัณฑิตย์
945    ^p145^l0^i021686
995    ทศพร
999 ^a ทศพร
รายการนี้ยังไม่มีแท็ก
คุณยังไม่ได้ล็อกอิน คุณสามารถมีกิจกรรมร่วมกับเว็บไซต์ได้ แต่ต้องล็อกอินก่อน ::
  ล็อกอิน

รายการสื่อสารสนเทศ

ลำดับที่ ประเภท เลขเรียก/บาร์โค้ด สถานที่ สถานะ
- ไม่พบข้อมูล -

รายการใกล้เคียง
    หัวเรื่อง [วิจัย]

BibComment


ยังไม่เคยถูกคอมเมนท์

คอมเมนท์ทรัพยากรรายการนี้
  คอมเมนท์: วิธีการวิจัยเบื้อ..


 Copyright 2026. Bcnsprnw @Library